<?xml version="1.0" encoding="UTF-8"?>
<record
    xmlns:xsi="http://www.w3.org/2001/XMLSchema-instance"
    xsi:schemaLocation="http://www.loc.gov/MARC21/slim http://www.loc.gov/standards/marcxml/schema/MARC21slim.xsd"
    xmlns="http://www.loc.gov/MARC21/slim">

  <leader>02609nam a22004097i 4500</leader>
  <controlfield tag="003">DO-SdBNP</controlfield>
  <controlfield tag="005">20251030093142.0</controlfield>
  <controlfield tag="007">ta</controlfield>
  <controlfield tag="008">210309e2020    dr aob|gr||||u001 0 spa d</controlfield>
  <datafield tag="020" ind1=" " ind2=" ">
    <subfield code="a">9789945919974</subfield>
  </datafield>
  <datafield tag="040" ind1=" " ind2=" ">
    <subfield code="a">DO-SdBNP</subfield>
    <subfield code="b">spa</subfield>
    <subfield code="c">BNPHU</subfield>
    <subfield code="e">rda</subfield>
  </datafield>
  <datafield tag="041" ind1=" " ind2=" ">
    <subfield code="h">spa</subfield>
  </datafield>
  <datafield tag="082" ind1=" " ind2="4">
    <subfield code="a">xxx</subfield>
    <subfield code="b">R426c</subfield>
    <subfield code="2">22</subfield>
  </datafield>
  <datafield tag="110" ind1="1" ind2=" ">
    <subfield code="a">Rep&#xFA;blica Dominicana.</subfield>
    <subfield code="b">Oficina Nacional de Estad&#xED;stica</subfield>
    <subfield code="9">5775</subfield>
  </datafield>
  <datafield tag="245" ind1="1" ind2="3">
    <subfield code="a">Primer Censo Nacional de Rep&#xFA;blica Dominicana 1920 /</subfield>
    <subfield code="c">Oficina Nacional de Estad&#xED;stica</subfield>
  </datafield>
  <datafield tag="250" ind1=" " ind2=" ">
    <subfield code="a">Tercera edici&#xF3;n</subfield>
  </datafield>
  <datafield tag="264" ind1=" " ind2=" ">
    <subfield code="a">Santo Domingo :</subfield>
    <subfield code="b">UASD,</subfield>
    <subfield code="c">2020</subfield>
  </datafield>
  <datafield tag="300" ind1=" " ind2=" ">
    <subfield code="a">161 p&#xE1;ginas :</subfield>
    <subfield code="b">ilustraciones fotograf&#xED;a, mapa ;</subfield>
    <subfield code="c">22 cm.</subfield>
  </datafield>
  <datafield tag="336" ind1=" " ind2=" ">
    <subfield code="a">rdacontent</subfield>
    <subfield code="b">texto</subfield>
    <subfield code="2">txt</subfield>
  </datafield>
  <datafield tag="337" ind1=" " ind2=" ">
    <subfield code="a">rdamedia</subfield>
    <subfield code="b">sin mediaci&#xF3;n</subfield>
    <subfield code="2">n</subfield>
  </datafield>
  <datafield tag="338" ind1=" " ind2=" ">
    <subfield code="a">rdacarrier</subfield>
    <subfield code="b">volumen</subfield>
    <subfield code="2">nc</subfield>
  </datafield>
  <datafield tag="490" ind1="1" ind2=" ">
    <subfield code="a">Universidad Aut&#xF3;noma de Santo Domingo ;</subfield>
    <subfield code="v">168</subfield>
  </datafield>
  <datafield tag="490" ind1="1" ind2=" ">
    <subfield code="a">Historia y Sociedad ;</subfield>
    <subfield code="v">14</subfield>
  </datafield>
  <datafield tag="505" ind1="2" ind2=" ">
    <subfield code="a">Resoluciones ejecutivas referentes al censo.</subfield>
  </datafield>
  <datafield tag="505" ind1="2" ind2=" ">
    <subfield code="a">Primera parte:</subfield>
    <subfield code="u">Descripci&#xF3;n general de la Rep&#xFA;blica Dominicana</subfield>
    <subfield code="t">Cap&#xED;tulo I :</subfield>
    <subfield code="u">Geograf&#xED;a f&#xED;sica.</subfield>
    <subfield code="t">Cap&#xED;tulo II :</subfield>
    <subfield code="u">Recursos naturales.</subfield>
  </datafield>
  <datafield tag="505" ind1="2" ind2=" ">
    <subfield code="a">Segunda parte :</subfield>
    <subfield code="u">Breve rese&#xF1;a hist&#xF3;rica.</subfield>
    <subfield code="t">Cap&#xED;tulo III</subfield>
    <subfield code="u">Rese&#xF1;a hist&#xF3;rica.</subfield>
    <subfield code="t">Cap&#xED;tulo IV :</subfield>
    <subfield code="u">Memorandun del entendido de evacuaci&#xF3;n de la Rep&#xFA;blica Dominicana por 
las fuerza militares de los Estados Unidos.</subfield>
  </datafield>
  <datafield tag="505" ind1="2" ind2=" ">
    <subfield code="a">Tercera parte :</subfield>
    <subfield code="u">Geograf&#xED;a pol&#xED;tica.</subfield>
    <subfield code="t">Cap&#xED;tulo V :</subfield>
    <subfield code="u">Divisi&#xF3;n territorial.</subfield>
    <subfield code="t">Cap&#xED;tulo VI :</subfield>
    <subfield code="u">Derechos individuales.</subfield>
    <subfield code="t">Cap&#xED;tulo VII :</subfield>
    <subfield code="u">Derechos individuales.</subfield>
    <subfield code="t">Cap&#xED;tulo VIII :</subfield>
    <subfield code="u">Legislaci&#xF3;n.</subfield>
  </datafield>
  <datafield tag="505" ind1="2" ind2=" ">
    <subfield code="a">Cuarta parte :</subfield>
    <subfield code="u">Fomento y adelanto dela pa&#xED;s.</subfield>
    <subfield code="t">Cap&#xED;tulo IX :</subfield>
    <subfield code="u">Obras p&#xFA;blicas.</subfield>
    <subfield code="t">Cap&#xED;tulo X :</subfield>
    <subfield code="u">Comunicaciones.</subfield>
    <subfield code="t">Cap&#xED;tulo XI :</subfield>
    <subfield code="u">Riqueza p&#xFA;blica.</subfield>
    <subfield code="t">Cap&#xED;tulo XII :</subfield>
    <subfield code="u">Comercio.</subfield>
    <subfield code="t">Cap&#xED;tulo XIII :</subfield>
    <subfield code="u">Instrucci&#xF3;n pol&#xED;tica.</subfield>
    <subfield code="t">Cap&#xED;tulo XIV</subfield>
    <subfield code="u">Sanidad.</subfield>
  </datafield>
  <datafield tag="505" ind1="2" ind2=" ">
    <subfield code="a">Quinta parte :</subfield>
    <subfield code="u">An&#xE1;lisis de este censo de poblaci&#xF3;n.</subfield>
    <subfield code="t">Cap&#xED;tulo XV :</subfield>
    <subfield code="u">Poblaci&#xF3;n de la Rep&#xFA;blica en 1920.</subfield>
    <subfield code="t">Cap&#xED;tulo XVI :</subfield>
    <subfield code="u">Sexo, con ralaci&#xF3;n a la raza y la nacionalidad.</subfield>
    <subfield code="t">Cap&#xED;tulo XVII :</subfield>
    <subfield code="u">Edad, con relaci&#xF3;n al sexo.</subfield>
    <subfield code="t">Cap&#xED;tulo XVIII :</subfield>
    <subfield code="u">Adultos.</subfield>
    <subfield code="t">Cap&#xED;tulo XIX :</subfield>
    <subfield code="u">Poblaci&#xF3;n mayor de 21 a&#xF1;os.</subfield>
    <subfield code="t">Cap&#xED;tulo XX :</subfield>
    <subfield code="u">Ciudadan&#xED;a y sufragio.</subfield>
    <subfield code="t">Cap&#xED;tulo XXI :</subfield>
    <subfield code="u">Estado civil.</subfield>
    <subfield code="t">Cap&#xED;tulo XXII :</subfield>
    <subfield code="u">Ocupacional.</subfield>
    <subfield code="t">Cap&#xED;tulo XXIII :</subfield>
    <subfield code="u">Religi&#xF3;n.</subfield>
    <subfield code="t">Cap&#xED;tulo XXIV :</subfield>
    <subfield code="u">Propiedades.</subfield>
    <subfield code="t">Cap&#xED;tulo XXV :</subfield>
    <subfield code="u">Tierras cultivadas y no cultivadas.</subfield>
  </datafield>
  <datafield tag="505" ind1="2" ind2=" ">
    <subfield code="a">Sexta parte :</subfield>
    <subfield code="u">Tablas de poblaci&#xF3;n.</subfield>
  </datafield>
  <datafield tag="505" ind1="2" ind2=" ">
    <subfield code="a">Grabados y mapas.</subfield>
  </datafield>
  <datafield tag="590" ind1=" " ind2=" ">
    <subfield code="a">Inventariado, 2021/MFF</subfield>
  </datafield>
  <datafield tag="830" ind1=" " ind2="0">
    <subfield code="a">Universidad Aut&#xF3;noma de Santo Domingo ;</subfield>
    <subfield code="l">spa</subfield>
    <subfield code="n">168</subfield>
    <subfield code="9">78039</subfield>
  </datafield>
  <datafield tag="830" ind1=" " ind2="0">
    <subfield code="a">Historia y Sociedad ;</subfield>
    <subfield code="l">spa</subfield>
    <subfield code="n">14</subfield>
    <subfield code="9">78040</subfield>
  </datafield>
  <datafield tag="910" ind1=" " ind2=" ">
    <subfield code="a">MF</subfield>
  </datafield>
  <datafield tag="942" ind1=" " ind2=" ">
    <subfield code="2">ddc</subfield>
    <subfield code="c">LBS1</subfield>
  </datafield>
  <datafield tag="952" ind1=" " ind2=" ">
    <subfield code="0">0</subfield>
    <subfield code="1">0</subfield>
    <subfield code="2">ddc</subfield>
    <subfield code="5">1</subfield>
    <subfield code="7">0</subfield>
    <subfield code="8">PD</subfield>
    <subfield code="a">BNPHU</subfield>
    <subfield code="b">BNPHU</subfield>
    <subfield code="c">HD</subfield>
    <subfield code="d">2020-08-03</subfield>
    <subfield code="e">Donado</subfield>
    <subfield code="l">0</subfield>
    <subfield code="o">BNPHU PD R426c, 1920</subfield>
    <subfield code="p">2021-0683</subfield>
    <subfield code="r">2021-03-09</subfield>
    <subfield code="w">2021-03-09</subfield>
    <subfield code="y">LBS1</subfield>
    <subfield code="z">Oficina Nacional de Estad&#xED;stica</subfield>
  </datafield>
  <datafield tag="952" ind1=" " ind2=" ">
    <subfield code="0">0</subfield>
    <subfield code="1">0</subfield>
    <subfield code="2">ddc</subfield>
    <subfield code="5">1</subfield>
    <subfield code="7">0</subfield>
    <subfield code="8">PD</subfield>
    <subfield code="a">BNPHU</subfield>
    <subfield code="b">PD</subfield>
    <subfield code="c">HD</subfield>
    <subfield code="d">2020-08-03</subfield>
    <subfield code="e">Donado / Oficina Nacional de Estad&#xED;stica.</subfield>
    <subfield code="l">0</subfield>
    <subfield code="o">BNPHU PD R426c, 1920</subfield>
    <subfield code="p">2021-0684</subfield>
    <subfield code="r">2021-03-09</subfield>
    <subfield code="t">e.2</subfield>
    <subfield code="w">2021-03-09</subfield>
    <subfield code="y">LBS1</subfield>
  </datafield>
  <datafield tag="952" ind1=" " ind2=" ">
    <subfield code="0">0</subfield>
    <subfield code="1">0</subfield>
    <subfield code="2">ddc</subfield>
    <subfield code="5">6</subfield>
    <subfield code="7">0</subfield>
    <subfield code="8">DS</subfield>
    <subfield code="a">BNPHU</subfield>
    <subfield code="b">BNPHU</subfield>
    <subfield code="c">CT</subfield>
    <subfield code="d">2025-10-30</subfield>
    <subfield code="e">donaci&#xF3;n</subfield>
    <subfield code="l">0</subfield>
    <subfield code="o">BNPHU DS R426c</subfield>
    <subfield code="p">2025-12193</subfield>
    <subfield code="r">2025-10-30</subfield>
    <subfield code="t">e.3</subfield>
    <subfield code="w">2025-10-30</subfield>
    <subfield code="y">LBS1</subfield>
    <subfield code="z">Consejo Nacional de Competitividad</subfield>
  </datafield>
  <datafield tag="999" ind1=" " ind2=" ">
    <subfield code="c">49516</subfield>
    <subfield code="d">49516</subfield>
  </datafield>
</record>
